000 00723nas a2200241 4500
001 BR2010004993
003 BR-BrBNA
005 20231205114325.0
007 ta
008 230509b bl.|||p| |||| 00| 00por d
040 _aBR-BrBNA
_bpor
_cBiblioteca Nacional de Agricultura
041 _a(En)
072 _aF04; F08
100 1 _aOlibone, D.
100 1 _aRosolem, C.A.
245 1 _aPhosphate fertilization and phosphorus forms in an oxisol under no-till
650 _aFOSFATO
650 _aADUBAÇÃO
650 _aPLANTIO DIRETO
773 0 _tScientia Agricola (Brazil)
_xISSN 0103-9016
_g(Jul-Aug 2010), v. 67(4) p. 465-471
_wBR2010004993
909 _a202311
_bLúcia
_c55
_dLúcia Elande
942 _2AGRIS
_n0
_cANA
999 _c208227
_d208227